| 000 | 00759cam a2200265 4500 | ||
|---|---|---|---|
| 008 | 090401t1989 xxu||||| |||| 00| 0 eng d | ||
| 020 | _a085406415X | ||
| 035 | _a(Sirsi) u48619 | ||
| 041 | _aeng | ||
| 050 | _a526.99 | ||
| 090 | _aRICS 1989/3 ABCD | ||
| 110 |
_aRoyal Institution of Chartered Surveyors _94900 |
||
| 245 | _aGuidelines for the calibration of 2MHZ phase comparison systems | ||
| 260 |
_aLondon _bSurveyors Publications _c1989 |
||
| 300 | _a25p. ; 30cm. | ||
| 350 | _a9.95 | ||
| 520 | _aWITHDRAWN FROM PUBLICATION (1996). | ||
| 650 | _aGUIDANCE NOTES | ||
| 650 | _aLAND SURVEYORS DIVISION | ||
| 650 | _aOFFSHORE POSITIONING | ||
| 650 | _aRICS | ||
| 650 | _aZMHZ PHASE COMPARISON SYSTEMS | ||
| 942 | _n0 | ||
| 948 | _c04/03/1997 | ||
| 999 |
_c92375 _d92375 |
||